|
|
|
|
| LEADER |
00000nam0a2200000 4500 |
| 001 |
197429 |
| 005 |
20231101224744.0 |
| 010 |
|
|
|a 9785947747683
|
| 035 |
|
|
|a (RuTPU)RU\TPU\book\215359
|
| 035 |
|
|
|a RU\TPU\book\103097
|
| 090 |
|
|
|a 197429
|
| 100 |
|
|
|a 20060512d2012 k y0rusy50 ca
|
| 101 |
0 |
|
|a rus
|
| 102 |
|
|
|a RU
|
| 105 |
|
|
|a a z 001zy
|
| 200 |
1 |
|
|a Квантовая химия
|f Г. Гельман
|
| 205 |
|
|
|a 2-е изд., доп.
|
| 210 |
|
|
|a Москва
|c БИНОМ. Лаборатория знаний
|d 2012
|
| 215 |
|
|
|a 533 с.
|c ил.
|
| 225 |
1 |
|
|a Классика и современность. Естествознание
|
| 320 |
|
|
|a Библиогр. в конце гл.
|
| 320 |
|
|
|a Дополнительная литература: с. 527-530.
|
| 330 |
|
|
|a Научное издание, написанное немецким автором с трагической судьбой в период его работы в СССР, куда он эмигрировал, спасаясь от фашистского режима. Впервые этот основополагающий труд был опубликован на русском языке в 1937 г. (М.: ОНТИ НКТП СССР). Настоящее издание дополнено биографическим очерком, написанным сыном автора, а также некоторыми комментариями редактора, учитывающими современное состояние науки. Для научных сотрудников, аспирантов и студентов вузов.
|
| 606 |
1 |
|
|a Квантовая химия
|2 stltpush
|3 (RuTPU)RU\TPU\subj\69462
|9 84313
|
| 610 |
1 |
|
|a статистическая теория
|
| 610 |
1 |
|
|a уравнения Шредингера
|
| 610 |
1 |
|
|a квантовая механика
|
| 610 |
1 |
|
|a математический аппарат
|
| 610 |
1 |
|
|a химическая связь
|
| 610 |
1 |
|
|a Ван-дер-ваальсовы силы
|
| 610 |
1 |
|
|a вариационные методы
|
| 610 |
1 |
|
|a многоэлектронные проблемы
|
| 610 |
1 |
|
|a возмущений теория
|
| 610 |
1 |
|
|a приближенные методы
|
| 610 |
1 |
|
|a атомы
|
| 610 |
1 |
|
|a движение
|
| 610 |
1 |
|
|a взаимодействие
|
| 675 |
|
|
|a 544.18
|v 3
|
| 700 |
|
1 |
|a Гельман
|b Г.
|g Ганс
|
| 801 |
|
1 |
|a RU
|b 63413507
|c 20110610
|
| 801 |
|
2 |
|a RU
|b 63413507
|c 20151127
|g RCR
|
| 900 |
|
|
|a Квантовая химия
|
| 942 |
|
|
|c BK
|
| 959 |
|
|
|a 60/20110607
|d 2
|e 0,00
|f ЧЗТЛ:1
|f АНЛ:1
|
| 959 |
|
|
|a 101/20111228
|d 2
|e 330,00
|f ЧЗТЛ:1
|f АНЛ:1
|